| 000 | 00760nam a2200241 i 4500 | ||
|---|---|---|---|
| 001 | 9894 | ||
| 003 | ES-MaACL | ||
| 005 | 20250824040147.0 | ||
| 007 | t| | ||
| 008 | 940429s1986 pr ||||1| spa d | ||
| 020 | _a0-913480-62-4 | ||
| 080 | _a86.0(729.5).09-2"19" | ||
| 100 | 1 |
_aMontes Huidobro, Matías. _982575 |
|
| 245 | 1 | 0 |
_aPersona, vida y máscara en el teatro puertorriqueño / _cMatías Montes Huidobro. |
| 260 |
_aSan Juan, Puerto Rico : _bAteneo Puertorriqueño [etc.], _c1986. |
||
| 300 |
_aXVI, 631 p. ; _c23 cm. |
||
| 500 | _aCronología. | ||
| 500 | _aIndice. | ||
| 650 | 7 |
_aTeatro puertorriqueño _2embne _917385 |
|
| 710 | 2 |
_aAteneo Puertorriqueño _92054 |
|
| 852 |
_aES-MaACL _jL-17072 _bR.120505 |
||
| 999 |
_c9894 _d9894 |
||